Statystyki dla Ryba z polskich rzek

Kliknij tutaj aby rozwiązać quiz!

Ogólne statystyki

  • Ten quiz został rozwiązany 55 razy
  • Średni wynik to 4 z 6

Statystyki odpowiedzi

Odpowiedź% Poprawnych
karp
88%
sum
83%
szczupak
83%
okoń
77%
pstrąg
54%
jesiotr
38%

Rozkład punktacji

Percentyl według liczby udzielonych odpowiedzi

Procent ludzi z każdym wynikiem

Twoja historia wyników

Nie rozwiązałeś tego quizu